Random Processes : a First Look

Αποθηκεύτηκε σε:
Λεπτομέρειες βιβλιογραφικής εγγραφής
Κύριος συγγραφέας: Syski, R. 1924-
Μορφή: Βιβλίο
Γλώσσα:English
Δημοσίευση: New York : Marcel Dekker, c1989
Έκδοση:2nd ed., rev. and expanded
Σειρά:Statistics, textbooks and monographs ; ; 98
Θέματα:
Ετικέτες: Προσθήκη ετικέτας
Δεν υπάρχουν, Καταχωρήστε ετικέτα πρώτοι!

MARC

LEADER 00000nam a2200000 i 4500
001 1/39223
008 950201s1989 eng d
020 |a 0-8247-8028-0 
035 |a 1995  |c ΠΑΠΑΔΟΠΟΥΛΟΣ  |l 10040956 
040 |a GR-MY-UA  |b gre  |e aacr 
041 0 |a eng 
082 0 |a 519.2 
100 1 |a Syski, R.  |d 1924- 
245 1 0 |a Random Processes :  |b a First Look /  |c R. Syski 
250 |a 2nd ed., rev. and expanded 
260 |a New York :   |b Marcel Dekker,   |c c1989 
300 |a xxii, 413 p.;  |b ill.;  |c 24 cm. 
490 1 |a Statistics, textbooks and monographs  |v ; 98 
500 |a Includes index 
650 0 0 |a Stochastic processes. 
830 0 |a Statistics, textbooks and monographs ;  |v ; 98 
852 |a INST  |b SAMOS  |e 19950201  |h 519.2 SYS  |p 005300006015  |q 005300006015  |t BK  |y 0 
909 |a Σ  |b 038689